|
|
|
|
| LEADER |
01023nam a2200265 a 4500 |
| 001 |
12169375 |
| 008 |
091103s2001 nyuab b 001 0 eng d |
| 010 |
|
|
|a 00048078
|
| 020 |
|
|
|a 0393975177
|
| 040 |
|
|
|a DLC
|c DLC
|d DLC
|
| 082 |
0 |
0 |
|a 338.9
|2 21
|
| 100 |
1 |
|
|a Perkins, Dwight H.
|q (Dwight Heald),
|d 1934-
|
| 245 |
0 |
0 |
|a Economics of development /
|c Dwight H. Perkins ... [et al.].
|
| 250 |
|
|
|a 5th ed.
|
| 260 |
|
|
|a New York, N.Y. :
|b W. W. Norton & Co.,
|c c2001.
|
| 300 |
|
|
|a xxi, 761, A60 p. :
|b ill., col. maps ;
|c 24 cm.
|
| 500 |
|
|
|a Five col. maps on endpapers.
|
| 504 |
|
|
|a Includes bibliographical references (p. [A1]-A29) and index.
|
| 541 |
1 |
|
|e 00013338
|
| 651 |
|
0 |
|a Developing countries
|x Economic policy.
|
| 650 |
|
0 |
|a Economic development.
|
| 700 |
1 |
|
|a Radelet,Steven.
|
| 852 |
4 |
|
|a Ayesha Abed Library
|j General Shelf
|
| 999 |
|
|
|c 5621
|d 5621
|
| 952 |
|
|
|0 0
|1 0
|2 ddc
|4 0
|6 338_900000000000000_PER
|7 0
|9 5524
|a BRACUL
|b BRACUL
|c GEN
|d 2009-11-19
|g 1427.40
|l 9
|m 41
|o 338.9 PER
|p 3010013338
|r 2025-06-18
|s 2025-02-09
|t 1
|w 2009-11-19
|y BK
|